|
|
|
|
| LEADER |
01546nam a2200301 a 4500 |
| 001 |
4013175 |
| 008 |
100107s1996 bg b 001 0 eng d |
| 010 |
|
|
|a \\\96906440
|
| 020 |
|
|
|a 9840513354
|
| 040 |
|
|
|a DLC
|c DLC
|d BD-DhAAL
|
| 082 |
0 |
0 |
|a 330.9/549/205
|2 21
|
| 245 |
0 |
0 |
|a Bangladesh :
|b internal dynamics and external linkages /
|c edited by Abul Kalam.
|
| 260 |
|
|
|a Dhaka, Bangladesh :
|b University Press Ltd.,
|c 1996.
|
| 300 |
|
|
|a xviii, 374 p. :
|b ill. ;
|c 22 cm.
|
| 520 |
|
|
|a Contributed articles.
|
| 504 |
|
|
|a Includes bibliographical references and index.
|
| 541 |
1 |
|
|e 00010894
|
| 651 |
|
0 |
|a Bangladesh
|x Economic conditions.
|
| 651 |
|
0 |
|a Bangladesh
|x Politics and government
|y 1971-
|
| 651 |
|
0 |
|a Bangladesh
|x Social conditions.
|
| 651 |
|
0 |
|a Bangladesh
|x Economic policy.
|
| 700 |
0 |
|
|a Abul Kalam.
|
| 852 |
4 |
|
|a Ayesha Abed Library
|j General shelf
|
| 999 |
|
|
|c 6785
|d 6785
|
| 952 |
|
|
|0 0
|1 0
|2 ddc
|4 0
|6 330_954920500000000_BAN_1996
|7 0
|9 6976
|a BRACUL
|b BRACUL
|c GEN
|d 2010-01-10
|l 1
|o 330.9549205 BAN
|p 3010010894
|r 2015-05-06
|s 2015-04-21
|t 1
|w 2010-01-10
|y BK
|
| 952 |
|
|
|0 0
|1 0
|2 ddc
|4 0
|6 330_954920500000000_BAN_1996
|7 0
|9 7042
|a BRACUL
|b BRACUL
|c GEN
|d 2010-01-11
|l 0
|o 330.9549205 BAN
|p 3010014367
|r 2010-01-11
|t 2
|w 2010-01-11
|y BK
|
| 952 |
|
|
|0 0
|1 0
|2 ddc
|4 0
|6 330_900000000000000_549_205_BAN
|7 0
|9 43052
|a SCL
|b SCL
|c GEN
|d 1998-11-14
|g 300.00
|l 0
|o 330.9549205 BAN
|p 3020000600
|r 2014-07-09
|t 3
|w 2014-07-09
|y BK
|
| 952 |
|
|
|0 0
|1 0
|2 ddc
|4 0
|6 330_900000000000000_549_205_BAN
|7 0
|9 43637
|a SCL
|b SCL
|c GEN
|d 1998-11-11
|g 300.00
|l 0
|o 330.9549205 BAN
|p 3020000468
|r 2014-09-01
|t 4
|w 2014-09-01
|y BK
|